000 00225 a2200097 4500
001 54151
100 _aMusharraf Pervez
245 _aSub Say Pehlay Pakistan
260 _aLahore
_bFerozsons Ltd
_c2006
090 _c33762
_d33762
942 _aNUST-CAE
_cM
_c26405
999 _c289224
_d289224